People By Picture - Statistics

General Stats
  • This quiz has been taken 58 times
    35 since last reset
  • The average score is 6 of 8
Answer Stats
Picture Answer % Correct
Cristiano Ronaldo
94%
Michael Jackson
94%
Kobe Bryant
85%
Lionel Messi
85%
Mr. Beast
79%
XXXTentacion
73%
Lil Wayne
70%
Jackie Robinson.
48%
No matching quizzes found
Score Distribution
Percent of People with Each Score
Percentile by Number Answered
Your Score History
You have not taken this quiz since the last reset